Pays ayant participé à la Coupe du Monde de Football - Statistiques

Statistiques générales
  • Ce quiz a été pris 871 fois
  • Le résultat moyen est 64 sur 84
Statistiques - réponses
Équipe Participation(s) Dernière Record % Correct
Brésil 22 2022 Champion x5
100%
France 16 2022 Champion x2
100%
Argentine 18 2022 Champion x3
99%
Italie 18 2014 Champion x4
99%
Allemagne 20 2022 Champion x4
98%
Allemagne de l'Est 1* 1974 Quarts de finale
98%
Espagne 16 2022 Champion
97%
Angleterre 16 2022 Champion
96%
Uruguay 14 2022 Champion x2
96%
Maroc 6 2022 Quatrième
95%
Japon 7 2022 Huitièmes de finale
93%
Portugal 8 2022 Troisième
93%
Algérie 4 2014 Huitièmes de finale
92%
Croatie 6 2022 Finaliste
92%
États-Unis 12 2022 Troisième
92%
Indes orientales néerlandaises 1* 1938 1er tour
92%
Mexique 18 2022 Quarts de finale
92%
Russie 4 2018 Quarts de finale
92%
Suède 12 2018 Finaliste
91%
Pays-Bas 11 2022 Finaliste
90%
Australie 6 2022 Huitièmes de finale
89%
Belgique 14 2022 Troisième
89%
Canada 3 2022 1er tour
89%
Chine 1 2002 1er tour
89%
Corée du Sud 11 2022 Quatrième
89%
Norvège 3 1998 Huitièmes de finale
88%
Irlande 3 2002 Quarts de finale
87%
Afrique du Sud 3 2010 1er tour
86%
Suisse 12 2022 Quarts de finale
86%
Colombie 6 2018 Quarts de finale
85%
Chili 9 2014 Troisième
84%
Tunisie 6 2022 1er tour
84%
Pologne 9 2022 Troisième
83%
Égypte 3 2018 1er tour
82%
Nouvelle-Zélande 2 2010 1er tour
82%
Hongrie 9 1986 Finaliste
81%
Sénégal 3 2022 Quarts de finale
81%
Turquie 2 2002 Troisième
81%
Arabie Saoudite 6 2022 Huitièmes de finale
80%
Danemark 6 2022 Quarts de finale
80%
Autriche 7 1998 Troisième
78%
Serbie-et-Monténégro 2* 2006 Huitièmes de finale
78%
Corée du Nord 2 2010 Quarts de finale
77%
Grèce 3 2014 Huitièmes de finale
77%
Paraguay 8 2010 Quarts de finale
77%
Pérou 5 2018 Quarts de finale
77%
Qatar 1 2022 1er tour
77%
Serbie 3 2022 1er tour
76%
Ukraine 1 2006 Quarts de finale
76%
Cameroun 8 2022 Quarts de finale
74%
Slovaquie 1 2010 Huitièmes de finale
74%
Écosse 8 1998 1er tour
73%
Équateur 4 2022 Huitièmes de finale
72%
Iran 6 2022 1er tour
72%
Slovénie 2 2010 1er tour
72%
Côte d'Ivoire 3 2014 1er tour
71%
Islande 1 2018 1er tour
71%
Tchéquie 1 2006 1er tour
71%
Costa Rica 6 2022 Quarts de finale
70%
Roumanie 7 1998 Quarts de finale
70%
Bolivie 3 1994 1er tour
69%
Zaïre 1* 1974 1er tour
69%
Bulgarie 7 1998 Quatrième
68%
Panama 1 2018 1er tour
68%
URSS 7* 1990 Quatrième
67%
Yougoslavie 8* 1990 Quatrième
67%
Ghana 4 2022 Quarts de finale
66%
Nigéria 6 2018 Huitièmes de finale
66%
Pays de Galles 2 2022 Quarts de finale
64%
Honduras 3 2014 1er tour
62%
Irak 1 1986 1er tour
61%
Bosnie-Herzégovine 1 2014 1er tour
59%
Israël 1 1970 1er tour
57%
Cuba 1 1938 Quarts de finale
56%
Jamaïque 1 1998 1er tour
53%
Tchécoslovaquie 8* 1990 Finaliste
51%
Irlande du Nord 3 1986 Quarts de finale
50%
Togo 1 2006 1er tour
43%
Émirats arabes unis 1 1990 1er tour
42%
Haïti 1 1974 1er tour
41%
Salvador 2 1982 1er tour
40%
Angola 1 2006 1er tour
37%
Koweït 1 1982 1er tour
31%
Trinité-et-Tobago 1 2006 1er tour
31%
Aucun quiz correspondant
Distribution des résultats
% des personnes avec chaque résultat
Percentile par nombre de réponses
Votre historique - résultats
Vous n’avez pas pris ce quiz